| 000 | 01881cam a2200385 a 4500 | ||
|---|---|---|---|
| 999 |
_c27306 _d27306 |
||
| 001 | 14913194 | ||
| 005 | 20170208093216.0 | ||
| 008 | 070629s2009 paua b 001 0 eng | ||
| 010 | _a 2007027343 | ||
| 020 | _a9780781791281 | ||
| 020 | _a0781791286 | ||
| 035 | _a(DNLM)101310689 | ||
| 050 | 0 | 0 | _aQP303 .H354 2009 |
| 100 | 1 |
_aHamill, Joseph, _d1946- |
|
| 245 | 1 | 0 |
_aBiomechanical basis of human movement / _cJoseph Hamill, Kathleen M. Knutzen. |
| 250 | _a3rd ed. | ||
| 260 |
_aPhiladelphia : _bWolters Kluwer Health/Lippincott Williams and Wilkins, _cc2009. |
||
| 300 |
_axi, 491 p. : _bill. (some col.) ; _c29 cm. |
||
| 504 | _aIncludes bibliographical references and index. | ||
| 505 | 0 | _aBasic terminology -- Skeletal considerations for movement -- Muscular considerations for movement -- Neurological considerations for movement -- Functional anatomy of the upper extremity -- Functional anatomy of the lower extremity -- Functional anatomy of the trunk -- Linear kinematics -- Angular kinematics -- Linear kinetics -- Angular kinetics. | |
| 650 | 0 | _aHuman mechanics. | |
| 650 | 1 | 2 | _aMovement. |
| 650 | 2 | 2 | _aBiomechanics. |
| 700 | 1 | _aKnutzen, Kathleen. | |
| 856 | 4 | 2 |
_3Publisher description _uhttp://www.loc.gov/catdir/enhancements/fy0740/2007027343-d.html |
| 856 | 4 | 1 |
_3Table of contents only _uhttp://www.loc.gov/catdir/enhancements/fy0811/2007027343-t.html |
| 942 |
_2lcc _cBOOKS |
||